000 00610nam a2200181Ia 4500
003 GCL
008 140319s9999 xx 000 0 ara d
040 _aGCL /
_cGCL
082 0 4 _a811.09
_bخ ك
100 1 _aخالد حمدان
245 1 0 _aكوجهك حين ارتحال الصباح /
_cخالد حمدان
260 _aالقاهرة :
_bالمجلس الاعلى للثقافة ،
_c1998
300 _a75 ص ؛
_c12 سم
650 0 4 _aالشعر العربى
650 0 4 _aالادب العربى
650 0 4 _aالادب العربى - تاريخ ونقد - العصرالحديث
942 _2ddc
_cBK
999 _c607
_d607